Restrictive covenants and freehold land (Record no. 110130)

MARC details
000 -LEADER
fixed length control field 01505cam a22002895a 4500
001 - CONTROL NUMBER
control field L148610
008 - FIXED-LENGTH DATA ELEMENTS--GENERAL INFORMATION
fixed length control field 091013s2009 xxk f 000 0 eng d
020 ## - INTERNATIONAL STANDARD BOOK NUMBER
International Standard Book Number 9781846611728
035 ## - SYSTEM CONTROL NUMBER
System control number (Sirsi) u148610
041 0# - LANGUAGE CODE
Language code of text/sound track or separate title eng
050 04 - LIBRARY OF CONGRESS CALL NUMBER
Classification number 333.3234 $2 18
100 1# - MAIN ENTRY--PERSONAL NAME
Personal name Francis, Andrew
245 00 - TITLE STATEMENT
Title Restrictive covenants and freehold land
Remainder of title a practitioners guide
250 ## - EDITION STATEMENT
Edition statement 3rd ed.
260 ## - PUBLICATION, DISTRIBUTION, ETC.
Place of publication, distribution, etc. Bristol
Name of publisher, distributor, etc. Jordans
Date of publication, distribution, etc. 2009
300 ## - PHYSICAL DESCRIPTION
Extent lxi, 540p.
Dimensions 25cm.
350 ## - PRICE (NR) (BK AM CF MU VM SE) [OBSOLETE]
Price 90
520 ## - SUMMARY, ETC.
Summary, etc. The highly practical text complemented by flowcharts and checklists is aimed at practitioners who require an understanding of the law relating to restrictive covenants affecting freehold land. Covers how to draft restrictive covenants, identify existing ones, approach questions of covenant validity and construe the words used. Addresses remedies for breach, likely measure of damages and guidance as to procedure under the Civil Procedure Rules (CPR). Provides information on the special rules applying to statutory and other authorities, on the modification and discharge of restrictive covenants in the LT and on the arrangement of indemnity and insurance cover, in particular restrictive covenant indemnity insurance policies.
520 ## - SUMMARY, ETC.
Summary, etc. Supersedes 2nd edition (ISBN 0853089361).
520 ## - SUMMARY, ETC.
Summary, etc. Superseded by 4th edition (ISBN 9781846615054).
521 ## - TARGET AUDIENCE NOTE
Target audience note Advanced
590 ## - LOCAL NOTE (RLIN)
Local note KA
651 #4 - SUBJECT ADDED ENTRY--GEOGRAPHIC NAME
Geographic name England and Wales
Chronological subdivision 1543-
690 ## - LOCAL SUBJECT ADDED ENTRY--TOPICAL TERM (OCLC, RLIN)
Topical term or geographic name as entry element PROPERTY-FREEHOLD PROPERTY
942 ## - ADDED ENTRY ELEMENTS (KOHA)
Suppress in OPAC 0
Holdings
Withdrawn status Lost status Source of classification or shelving scheme Damaged status Not for loan Home library Current library Shelving location Date acquired Cost, normal purchase price Total Checkouts Full call number Barcode Date last seen Copy number Cost, replacement price Price effective from Koha item type
    Dewey Decimal Classification     London London Basement 16/12/2009 90.00   BASEMENT 61 30076502 06/08/2019 1 90.00 06/08/2019 Book